A history of the world semiconductor industry

Enregistré dans:
Détails bibliographiques
Auteur principal: Morris, P.R (Auteur)
Format: Livre
Langue:anglais
Publié: London : Peter Peregrinus, 1990
Collection:History of technology series 12
Sujets:
Tags: Ajouter un tag
Pas de tags, Soyez le premier à ajouter un tag!

MARC

LEADER 00000nam a22000003a 4500
001 stu50247
005 20150617225709.3
008 990714s1990------------------------eng-d
020 |a 0-86341-227-0 
040 |a STU  |b slo 
041 0 |a eng 
080 |a 621.382 
080 |a 338.45 
084 |a B2560  |2 INS 
100 1 |a Morris, P.R.  |4 aut 
245 1 |a A history of the world semiconductor industry 
260 |a London :  |b Peter Peregrinus,  |c 1990 
300 |a 171 s 
650 7 |a polovodičové súčiastky  |2 stusub 
650 7 |a elektronický priemysel  |2 stusub 
830 0 |a History of technology series  |v 12 
996 |b 284EK82799  |c E*82799  |l EE11  |s P  |a 0  |w stu50247_0001